00253nam a2200109Ia 4500008004100000100001500041245002700056250000900083260002600092300000700118650001800125191201s2005 xx 000 0 und d aPAI, Anant 0aHow to Achieve Success a12th aN.DelhibUBSPD,c2005 a82 aGeneral Books